000 006080000a22001930004500
001 768714001
003 CO-MdFUSB
005 20170614093720.0
008 170614s2008 cr ||||| |||| 00| 0 spa d
040 _aCO-MdFUSB
_bspa
_cCO-MdFUSB
_dCO-MdFUSB
041 _aspa
100 1 _aGreen, Guillermo
_eautor
245 1 0 _aLa santa cena :
_b¿para quiénes?
300 _aVolumen 10. Número 2 (2008), Páginas 58-66
_c21 cm.
546 _aTexto en español
650 1 4 _aSANTA CENA
773 0 _tRevista Reforma Siglo 21
_049443
_960189
_gVolumen 10. Número 2 (2008), Páginas 58-66
_qPágina 58
942 _cANA
999 _c62980
_d62980